00524 2200193 4500001002100000008004100021035002000062245005100082100001900133250002000152260004300172300002000215020002200235084002100257082001500278650001900293990000900312990000900321INLIS000000000001464 ind  a0010-0425001464 aProduk Olahan dari Umbi-UmbiancMaya Rohmayati aMaya Rohmayati aCetakan pertama aDepok :bCV Mukti Warna Grafika,c2018 a74 hlm.c25 cm. a978-602-577-002-9 a633.492.20 MAY p a633.492.20 aMaya Rohmayati a4791 a4792